Every Teammate of Damian Lillard Quiz - Statistics

General Stats
  • This quiz has been taken 28 times
    5 since last reset
  • The average score is 52 of 131
Answer Stats
GP Answer % Correct
129 A.J. Green
100%
273 Anfernee Simons
100%
131 Bobby Portis
100%
159 Brook Lopez
100%
564 C.J. McCollum
100%
140 Giannis Antetokounmpo
100%
78 Khris Middleton
100%
157 Robin Lopez
100%
59 Ryan Rollins
100%
7 A.J. Johnson
75%
24 Brandon Williams
75%
37 Dennis Smith Jr.
75%
64 Greg Brown III
75%
50 Jae Crowder
75%
5 Jeenathan Williams
75%
22 Keon Johnson
75%
30 Kevin Porter Jr.
75%
9 Moses Brown
75%
74 Mo Williams
75%
40 Nolan Smith
75%
118 Robert Covington
75%
80 Shaedon Sharpe
75%
34 Thanasis Antetokounmpo
75%
102 Thomas Robinson
75%
23 Tyler Smith
75%
124 Andre Jackson Jr.
50%
47 Cameron Payne
50%
127 Carmelo Anthony
50%
42 Chris Livingston
50%
8 Cliff Alexander
50%
27 Cody Zeller
50%
191 Gary Trent Jr.
50%
72 Gerald Henderson
50%
63 Jerami Grant
50%
324 Jusuf Nurkic
50%
33 Kyle Kuzma
50%
214 LaMarcus Aldridge
50%
22 Matisse Thybulle
50%
226 Nicolas Batum
50%
67 Norman Powell
50%
272 Pat Connaughton
50%
26 Patrick Beverley
50%
74 Seth Curry
50%
25 Aaron Afflalo
25%
293 Al-Farouq Aminu
25%
226 Allen Crabbe
25%
15 Alonzo Gee
25%
33 Anthony Tolliver
25%
64 Ben McLemore
25%
21 Brian Roberts
25%
65 Caleb Swanigan
25%
3 Cameron McGriff
25%
20 Cam Reddish
25%
1 Chance Comanche
25%
90 Chris Kaman
25%
88 C.J. Elleby
25%
17 Danilo Gallinari
25%
26 Delon Wright
25%
58 Derrick Jones Jr.
25%
7 Didi Louzada
25%
116 Dorell Wright
25%
100 Drew Eubanks
25%
24 Earl Watson
25%
205 Ed Davis
25%
22 Elijah Hughes
25%
95 Enes Freedom
25%
27 Eric Maynor
25%
217 Evan Turner
25%
15 Gary Payton II
25%
1 Georgios Papagiannis
25%
38 Harry Giles
25%
67 Hassan Whiteside
25%
56 Jabari Walker
25%
141 Jake Layman
25%
5 Jamaree Bouyea
25%
38 Jared Jeffries
25%
3 Jarron Cumberland
25%
13 Jaylen Hoard
25%
14 Jericho Sims
25%
80 J.J. Hickson
25%
151 Joel Freeland
25%
19 John Butler
25%
64 Josh Hart
25%
4 Justin Minaya
25%
40 Justise Winslow
25%
48 Keljin Blevins
25%
43 Kent Bazemore
25%
21 Kevin Knox
25%
14 Kris Dunn
25%
37 Larry Nance Jr.
25%
3 Lindell Wigginton
25%
12 Luis Montero
25%
62 Luke Babbitt
25%
79 Malik Beasley
25%
53 Mario Hezonja
25%
74 MarJon Beauchamp
25%
2 Marques Bolden
25%
136 Mason Plumlee
25%
274 Maurice Harkless
25%
393 Meyers Leonard
25%
192 Nassir Little
25%
44 Nik Stauskas
25%
185 Noah Vonleh
25%
6 Pete Nance
25%
9 Reggie Perry
25%
86 Rodney Hood
25%
11 Rondae Hollis-Jefferson
25%
39 Ronnie Price
25%
9 Ryan Arcidiacono
25%
39 Sasha Pavlovic
25%
127 Shabazz Napier
25%
5 Shaquille Harrison
25%
42 Skal Labissiere
25%
6 Skylar Mays
25%
22 Stanley Umude
25%
81 Steve Blake
25%
80 Taurean Prince
25%
40 Tim Frazier
25%
16 Tim Quarterman
25%
7 T.J. Leaf
25%
38 Tony Snell
25%
110 Trendon Watford
25%
21 Trevor Ariza
25%
11 TyTy Washington Jr.
25%
80 Victor Claver
25%
23 Wade Baldwin IV
25%
19 Wenyen Gabriel
25%
211 Wesley Matthews
25%
144 Will Barton
25%
154 Zach Collins
25%
13 Liam Robbins
0%
No matching quizzes found
Score Distribution
Percent of People with Each Score
Percentile by Number Answered
Your Score History
You have not taken this quiz since the last reset